000 00872nam a2200229 i 4500
001 189785
003 ES-MaACL
005 20250815004217.0
008 191126s1934 sp ab |||| | spa d
245 0 0 _aLiberalismo y nacionalismo
_b: (1848-1890) /
_cpor Alfred Stern, Friedrich Luckwaldt, Heinrich Herkner, Walter Goetz ; vesión española de Manuel García Morente.
260 _aMadrid :
_bEspasa-Calpe,
_c1934.
300 _aXVI, 718 p., [30] h. (algunas pleg.) :
_bil., mapas ;
_c27 cm.
650 7 _aHistoria contemporánea
_2embne
_913393
700 1 _aStern, Alfred.
_9108120
700 1 _aLuckwaldt, Friedrich.
_9168692
700 1 _aHerkner, Heinrich.
_9168691
700 1 _aGoetz, Walter,
_d1867-1958
_957579
700 1 _aGarcía Morente, Manuel,
_d1886-1942
_955002
852 _aES-MaACL
_jF-15086
942 _2udc
999 _c189785
_d189785